000 01161nam a2200325 a 4500
001 000111691
003 CHAP
005 20220329144225.0
008 150720s2015 mx sm |||||||spa d
010 _a108152
011 _a109124
040 _cCHAP
090 _aTesis
100 0 0 _aIreta Paredes, Arely del Rocío
_960340
245 1 0 _aPerspectivas de la producción de arroz (Oryza sativa L) en México
_h[En línea]
_cpor Arely del Rocio Ireta Paredes.
260 _aChapingo, Méx. :
_bEl autor,
_c2015.
500 _aPara ver el contenido del material haga clic en la liga
502 _aTesis (Ph.D. en Problemas Económico Agroindustriales) -- UACH. Departamento CIESTAAM.
590 _aE11695DGD
_b10
_c20150721
_lUCH01
_h1103
590 _aE5765TAJ
_b05
_c20150720
_lUCH01
_h1228
590 _aE5765TAJ
_b05
_c20150720
_lUCH01
_h1445
650 1 4 _aArroz
_xMejoramiento.
_97631
650 1 4 _aArroz
_xMercadeo.
_97632
650 1 4 _aArroz
_xProducción
_zMéxico.
_9128409
650 1 4 _aArroz
_xRedes de valor.
_9129631
856 _aFinding aid
_uhttp://10.13.5.2/tesis/sist111691.pdf
_zTeclea aquí
901 _aBK
942 _cTESIS
942 _n0
999 _c108152
_d108152